| 000 | 01213nam0a2200313 4500 | ||
|---|---|---|---|
| 001 | RU\NLR\bibl\811938 | ||
| 005 | 20260405144118.0 | ||
| 010 |
_a5-469-00768-5 _94500 |
||
| 021 |
_aRU _b2005-16763 _9855 |
||
| 035 | _a(NLR Aleph) 000800996 | ||
| 090 |
_a1181130 _c1181130 |
||
| 100 | _a20050622d2005 |||y0rusy50 ca | ||
| 101 | 0 | _arus | |
| 102 | _aRU | ||
| 105 | _aa ||||||||| | ||
| 200 | 1 |
_a3ds max 7 _fС. Бондаренко, М. Бондаренко |
|
| 210 |
_aСанкт-Петербург и др. _cПитер _cПитер Принт _d2005 |
||
| 215 |
_a572 с. _cил. _d24 _e[1] электрон. опт. диск (CD) |
||
| 225 | 1 | _aТрюки & эффекты | |
| 606 | 1 |
_a3D STUDIO MAX 7.0, графический редактор _92382164 _3RU\NLR\auth\661421207 |
|
| 686 | _aЗ973.23-044.4 | ||
| 700 | 1 |
_4070 _8rus _7ca _aБондаренко _bС. В. _gСергей Валерьевич _3RU\NLR\auth\7759750 _942681 |
|
| 701 | 1 |
_4070 _8rus _7ca _aБондаренко _bМ. Ю. _gМарина Юрьевна _3RU\NLR\auth\7759751 _942682 |
|
| 801 | 0 |
_aRU _bNLR _c20050622 _grcr |
|
| 801 | 1 |
_aRU _bNLR _c20050622 |
|
| 942 | _cBOOK | ||
| 980 | _aNB | ||